Biblioteca

God, revelation and authority / Carl F. H. Henry (Registro nro. 34055)

Detalles MARC
000 -LÍDER
Campo fijo de descripción fija 00888cam a2200289 i 4500
001 - NÚMERO DE CONTROL
Campo de control 768714001
003 - IDENTIFICADOR DEL NÚMERO DE CONTROL
Campo de control CO-MdBIC
005 - FECHA Y HORA DE LA ULTIMA TRANSACCIÓN
control field 20231124094606.0
008 - ELEMENTOS DE LONGITUD FIJA -- INFORMACIÓN GENERAL
Campo fijo de descripción fija -- Información general 231124t1976 -us||||| |||| 00| 0 eng d
020 ## - NÚMERO INTERNACIONAL NORMALIZADO PARA LIBROS
Número Internacional Normalizado del libro 0-87680-477-6
040 ## - FUENTE DE CATALOGACIÓN
Idioma de catalogación spa.
Agencia de catalogación original CO-MdFUSB
Agencia que realiza la transcripción CO-MdFUSB
Agencia que realiza la modificación CO-MdFUSBC
Convenciones de la descripción rda
041 ## - CÓDIGO DE IDIOMA
Código de idioma para texto/pista de sonido o título separado eng
082 04 - NÚMERO DE CLASIFICACIÓN DECIMAL DEWEY
Número de clasificación G 231 H5211g
100 1# - ASIENTO PRINCIPAL--NOMBRE PERSONAL
Nombre personal Henry, Carl F. H. (Ferdinand Howard) (1913-)
245 10 - TÍTULO
Título del Material God, revelation and authority / Carl F. H. Henry
Mención de responsabilidad, etc. /
264 #1 - PRODUCCIÓN, PUBLICACIÓN, DISTRIBUCIÓN, MANUFACTURA, Y COPYRIGHT
Lugar de producción, publicación, distribución, manufactura Waco, TX., USA : Word
Nombre del productor, publicador, distribuidor Word Books, Publisher
Fecha de producción, publicación, distribución, manufactura, o copyright [1976]
264 #4 - PRODUCCIÓN, PUBLICACIÓN, DISTRIBUCIÓN, MANUFACTURA, Y COPYRIGHT
Fecha de producción, publicación, distribución, manufactura, o copyright ©1976
300 ## - DESCRIPCIÓN FÍSICA
Dimensiones ;
336 ## - TIPO DE CONTENIDO
Término de tipo de contenido texto
Código de tipo de contenido txt
Fuente rdacontent
337 ## - TIPO DE MEDIO
Fuente rdamedia
Nombre del tipo de medio sin mediación
Código del tipo de medio n
338 ## - TIPO DE SOPORTE
Fuente rdacarrier
Nombre del tipo de soporte volumen
Código Tipo de soporte nc
505 00 - NOTA DE CONTENIDO
Nota de contenido con formato preestablecido Vol. I - IV : God who speaks and shows. Vol. V - VI : God who stands
650 #7 - ASIENTO SECUNDARIO DE MATERIA - TERMINO TEMÁTICO
Término temático o nombre geográfico como elemento de entrada Dios
9 (RLIN) 178
650 #0 - ASIENTO SECUNDARIO DE MATERIA - TERMINO TEMÁTICO
Término temático o nombre geográfico como elemento de entrada Revelación en la Biblia
9 (RLIN) 1078
942 ## - TIPO DE MATERIAL (KOHA)
Tipo de Item KOHA Libros General
945 ## - INFORMACIÓN LOCAL DEL REGISTRO
Catalogador johan1477
Existencias
Estado de Material Estado de Perdido Forma de Clasificación Volumen-Parte/Tomo Estado de Dañado No para Préstamo Colección Tomo Biblioteca de Origen Biblioteca Permanente Fecha de Adquisición Total de Préstamos Signatura Topográfica Código de Barras Última vez visto Ejemplar/Existencia Fecha de Remplazo Tipo de Material
    Dewey Decimal Classification 1     Colección General   Biblioteca FUSBC Biblioteca FUSBC 02/12/2004   G 231 H5211g 2938 12/12/2019 Vol. 1, Ej. 1 26/01/2016 Libros General
    Dewey Decimal Classification 6     Colección General   Biblioteca FUSBC Biblioteca FUSBC 02/12/2004   G 231 H5211g 2943 12/12/2019 Vol. 6, Ej. 1 26/01/2016 Libros General
    Dewey Decimal Classification 5     Colección General   Biblioteca FUSBC Biblioteca FUSBC 02/12/2004   G 231 H5211g 2942 12/12/2019 Vol. 5, Ej. 1 26/01/2016 Libros General
    Dewey Decimal Classification 4     Colección General   Biblioteca FUSBC Biblioteca FUSBC 02/12/2004   G 231 H5211g 2941 12/12/2019 Vol. 4, Ej. 1 26/01/2016 Libros General
    Dewey Decimal Classification 3     Colección General   Biblioteca FUSBC Biblioteca FUSBC 02/12/2004   G 231 H5211g 2940 12/12/2019 Vol. 3, Ej.1 26/01/2016 Libros General
    Dewey Decimal Classification 2     Colección General   Biblioteca FUSBC Biblioteca FUSBC 02/12/2004   G 231 H5211g 2939 12/12/2019 Vol. 2, Ej. 1 26/01/2016 Libros General

Biblioteca FUSBC | Teléfono: (57+4) 349 88 10 Ext. 141| WhatsApp (+57) 3005338115 
E-mail: biblioteca@unisbc.edu.co | Calle 76 87-14 Robledo Palenque, Medellín, Colombia

Con tecnología Koha